[Event "13th EICC"]
[Site "Plovdiv BUL"]
[Date "2012.03.25"]
[Round "6.47"]
[White "Durarbayli,V"]
[Black "Beliavsky,A"]
[Result "1-0"]
[WhiteElo "2543"]
[BlackElo "2630"]

1.e4 e5 2.Nf3 Nc6 3.Bb5 a6 4.Ba4 Nf6 5.O-O Be7 6.d3 d6 7.c3 O-O 8.Nbd2 b5
9.Bb3 Na5 10.Bc2 c5 11.Re1 Nc6 12.Nf1 Be6 13.Bg5 Nd7 14.Bxe7 Qxe7 15.Ne3 Qf6
16.a4 Rfb8 17.Bb3 Nb6 18.Bxe6 fxe6 19.axb5 axb5 20.Qb3 b4 21.Nc4 Nxc4 22.Rxa8 Rxa8
23.Qxc4 Qe7 24.h3 h6 25.Qb5 Qe8 26.Rd1 Qc8 27.Qc4 Na5 28.Qa2 Nc6 29.Qb3 Rb8
30.Qc4 Kf7 31.Rc1 bxc3 32.bxc3 Qb7 33.Ra1 Qb2 34.Qa6 Qxc3 35.Rf1 Kf6 36.Qxc6 Qxd3
37.Qc7 Rb1 38.Qd8+  1-0

[Event "13th EICC"]
[Site "Plovdiv BUL"]
[Date "2012.03.27"]
[Round "7.81"]
[White "Beliavsky,A"]
[Black "Arnaudov,G"]
[Result "1/2-1/2"]
[WhiteElo "2630"]
[BlackElo "2476"]

1.d4 Nf6 2.c4 e6 3.Nf3 Nc6 4.Nc3 Bb4 5.Qc2 d6 6.Bd2 O-O 7.a3 Bxc3 8.Bxc3 Re8
9.e3 e5 10.d5 Ne7 11.e4 Nh5 12.Nd2 f5 13.O-O-O Rf8 14.g3 Nf6 15.Bd3 fxe4
16.Nxe4 Nxe4 17.Bxe4 Bf5 18.Rhf1 Qd7 19.f4 Bxe4 20.Qxe4 exf4 21.Rxf4 Rxf4
22.Qxf4 Ng6 23.Qe3 a5 24.Re1 b6 25.h4 Qg4 26.Qe6+ Qxe6 27.Rxe6 Kf7 28.h5 Nf8
29.Re4 g6 30.Rf4+ Kg8 31.h6 Nd7 32.Bg7 Re8 33.Kc2 Nc5 34.g4 Nd7 35.Kd3 Nc5+
36.Kd2 Nd7 37.b3 Nc5 38.b4 axb4 39.axb4 Nd7 40.Kd3 Ra8 41.Kc2 Ra3 42.Bc3 Ra2+
43.Kb3 Ra8 44.Rf1 Ra7 45.g5 Ra8 46.Ra1 Rxa1 47.Bxa1 Kf7 48.Ka4 Ke8 49.Kb5 Kd8
50.Bd4 Kc8 51.Bf6 Kb7 52.Bg7 Kc8 53.Ka6 Kb8 54.Bf6 Ka8 55.Bd4 Kb8 56.Kb5 Kc8
57.Be3 Kb7 58.c5 bxc5 59.bxc5 Nxc5 60.Bxc5 dxc5 61.Kxc5 Kc8 62.Kc6 Kd8 63.d6  1/2-1/2

[Event "13th EICC"]
[Site "Plovdiv BUL"]
[Date "2012.03.28"]
[Round "8.79"]
[White "Kovalev,Vl"]
[Black "Beliavsky,A"]
[Result "1/2-1/2"]
[WhiteElo "2477"]
[BlackElo "2630"]

1.e4 e5 2.Nf3 Nc6 3.d4 exd4 4.Nxd4 Nf6 5.Nxc6 bxc6 6.e5 Qe7 7.Qe2 Nd5 8.c4 Nb6
9.Nc3 Qe6 10.Qe4 g6 11.Bd3 Bg7 12.f4 O-O 13.O-O d6 14.Qxc6 dxe5 15.Qxc7 f5
16.c5 Rf7 17.Qd8+ Rf8 18.Qc7 Rf7 19.Qd8+ Rf8 20.Qc7 Rf7 21.Qd8+ Rf8 22.Qc7  1/2-1/2

[Event "13th EICC"]
[Site "Plovdiv BUL"]
[Date "2012.03.29"]
[Round "9.83"]
[White "Beliavsky,A"]
[Black "Soffer,R"]
[Result "0-1"]
[WhiteElo "2630"]
[BlackElo "2492"]

1.Nf3 Nf6 2.c4 e6 3.Nc3 d5 4.d4 Bb4 5.cxd5 exd5 6.Bg5 Nbd7 7.e3 c5 8.Bd3 Qa5
9.Qc2 c4 10.Bf5 O-O 11.O-O Re8 12.Nd2 g6 13.Bxd7 Nxd7 14.Rfe1 Nb6 15.f3 Bd7
16.a3 Bf8 17.b4 cxb3 18.Nxb3 Qa6 19.Nc5 Qc4 20.Nxd7 Nxd7 21.Qb2 Nb6 22.Rec1 Qd3
23.Qb5 Rxe3 24.Bxe3 Qxe3+ 25.Kh1 Rc8 26.Ne2 Re8 27.Ng3 Re6 28.a4 Bd6 29.Nf1 Qf2
30.a5 Re2 31.Qxe2 Qxe2 32.axb6 axb6 33.Re1 Qf2 34.Red1 b5 35.Rd2 Qh4 36.g3 Qh3
37.Kg1 b4 38.Kf2 h5 39.Ra5 h4 40.Rxd5 hxg3+ 41.hxg3 Bxg3+ 42.Nxg3 Qh2+ 43.Ke3 Qxg3
44.Rd7 Qg5+ 45.f4 Qg3+ 46.Ke4 f5+  0-1

[Event "13th EICC"]
[Site "Plovdiv BUL"]
[Date "2012.03.31"]
[Round "11.75"]
[White "Beliavsky,A"]
[Black "Nigalidze,G"]
[Result "1-0"]
[WhiteElo "2630"]
[BlackElo "2472"]

1.d4 Nf6 2.c4 e6 3.Nc3 c5 4.d5 exd5 5.cxd5 d6 6.Nf3 g6 7.Bf4 Bg7 8.Qa4+ Bd7
9.Qb3 Qc7 10.h3 O-O 11.e3 a6 12.a4 Re8 13.Nd2 Bc8 14.Nc4 Bf8 15.Nb6 Ra7 16.a5 Nbd7
17.Be2 Qd8 18.Nc4 Qc7 19.O-O Ra8 20.Rfd1 Rb8 21.Na4 Rd8 22.Rac1 b5 23.axb6 Nxb6
24.Ncxb6 Nd7 25.Qa3 Nxb6 26.Nxc5 Qe7 27.b4 Ra8 28.Nb3 Bd7 29.Qa5 Rdb8 30.Nd4 Ba4
31.Nc6 Qb7 32.Nxb8 Rxb8 33.Qxa6  1-0

[Event "1st Simon Bolivar Open 2012"]
[Site "San Cristobal VEN"]
[Date "2012.09.25"]
[Round "1.3"]
[White "Beliavsky,A"]
[Black "Martinez,Jor"]
[Result "1-0"]
[WhiteElo "2609"]
[BlackElo "2225"]

1.d4 Nf6 2.c4 c5 3.d5 b5 4.Qc2 d6 5.e4 b4 6.Nf3 Nbd7 7.h3 g6 8.Bd3 Bg7 9.O-O O-O
10.Re1 Qc7 11.Nbd2 a5 12.Nf1 a4 13.Rb1 Nb6 14.Ng3 Nfd7 15.Bg5 Ne5 16.Nxe5 Bxe5
17.f4 Bd4+ 18.Kh2 Re8 19.Qe2 e6 20.Qf3 b3 21.axb3 axb3 22.e5 dxe5 23.d6 Qxd6
24.Ne4 Qc7 25.Nf6+ Kf8 26.Nxh7+ Kg7 27.Bf6+ Kg8 28.fxe5 Nd7 29.Qf4 Nxf6 30.Nxf6+ Kf8
31.Qh6+ Ke7 32.Qg5 Kf8 33.Re2 Rd8 34.Bxg6 fxg6 35.Rf1 Kg7 36.Ng4 Ra1 37.Qh6+ Kg8
38.Nf6+  1-0

[Event "1st Simon Bolivar Open 2012"]
[Site "San Cristobal VEN"]
[Date "2012.09.26"]
[Round "2.3"]
[White "Arias,Le"]
[Black "Beliavsky,A"]
[Result "0-1"]
[WhiteElo "2361"]
[BlackElo "2609"]

1.e4 e5 2.Nf3 Nc6 3.d4 exd4 4.Nxd4 Bb4+ 5.Nc3 Nge7 6.Nxc6 Nxc6 7.Bd2 O-O
8.Bd3 Ne5 9.O-O d6 10.f4 Nxd3 11.cxd3 Bc5+ 12.Kh1 f5 13.Qf3 Bd7 14.Rae1 Bc6
15.Nd5 Qd7 16.Bc3 fxe4 17.dxe4  0-1

[Event "1st Simon Bolivar Open 2012"]
[Site "San Cristobal VEN"]
[Date "2012.09.26"]
[Round "3.2"]
[White "Beliavsky,A"]
[Black "Dobrov,V"]
[Result "1/2-1/2"]
[WhiteElo "2609"]
[BlackElo "2481"]

1.Nf3 Nf6 2.c4 c6 3.d4 d5 4.Nc3 e6 5.Bg5 h6 6.Bxf6 Qxf6 7.e3 Nd7 8.Bd3 dxc4
9.Bxc4 Bd6 10.O-O O-O 11.Ne4 Qe7 12.Nxd6 Qxd6 13.Rc1 b6 14.Qe2 a5 15.e4 Bb7
16.Rfd1 Rfd8 17.Rd2 Rab8 18.Rcd1 Qc7 19.a3 c5 20.Ba2 cxd4 21.Nxd4 Nc5 22.f3 Ba6
23.Qe3 a4 24.Bb1 e5 25.Nf5 Rxd2 26.Qxd2 Ne6 27.Ba2 Rd8 28.Bd5 Kh7 29.Qc1 Qd7
30.Bb3 Nd4 31.Rxd4 exd4 32.Bd5 Rc8 33.Qf4 d3 34.h4 Qc7 35.Qg4 Qc1+ 36.Kh2 Qxb2
37.f4 Rf8 38.e5 g6 39.h5 Qe2 40.Bf3 Qd2 41.Ne7 Kg7 42.hxg6 Bc8 43.f5 f6 44.exf6+ Rxf6
45.Qc4 Be6 46.Qc7 Qe1 47.Nd5+ Rf7 48.gxf7 Qh4+ 49.Kg1 Qe1+ 50.Kh2  1/2-1/2

[Event "1st Simon Bolivar Open 2012"]
[Site "San Cristobal VEN"]
[Date "2012.09.27"]
[Round "5.13"]
[White "Beliavsky,A"]
[Black "Montilla,J"]
[Result "1-0"]
[WhiteElo "2609"]
[BlackElo "2061"]

1.d4 d5 2.c4 c6 3.Nf3 Nf6 4.e3 e6 5.Bd3 Nbd7 6.O-O Bd6 7.Nc3 O-O 8.b3 Qe7
9.Bb2 e5 10.Bf5 e4 11.Nd2 g6 12.Bh3 b6 13.f3 Bb4 14.Qe2 a5 15.fxe4 Bxc3 16.Bxc3 Nxe4
17.Nxe4 Qxe4 18.Rf4 Qe7 19.Raf1 f5 20.g4 fxg4 21.Bg2 Nf6 22.e4 dxe4 23.d5 Bf5
24.Rxf5 gxf5 25.Rxf5 cxd5 26.Qe3 Rf7 27.Qg5+ Rg7 28.Qxf6 Qxf6 29.Rxf6 Rc8
30.Rd6 Rg5 31.Bd4 dxc4 32.bxc4 Rxc4 33.Bxe4 Ra4 34.Bc2 Rb4 35.Bb3+ Kf8 36.Bf6 Rxb3
37.axb3 Rb5 38.Rd3 Kf7 39.Bd8 Ke6 40.Kf2 Ke5 41.Re3+ Kd6 42.Kg3 h5 43.Kh4 Kd5
44.Bf6 Kd6 45.Bg5 Rf5 46.Kxh5  1-0

[Event "1st Simon Bolivar Open 2012"]
[Site "San Cristobal VEN"]
[Date "2012.09.29"]
[Round "8.5"]
[White "Beliavsky,A"]
[Black "Guramishvili,S"]
[Result "1-0"]
[WhiteElo "2609"]
[BlackElo "2418"]

1.d4 d5 2.c4 c6 3.Nf3 Nf6 4.Nc3 e6 5.Bg5 Nbd7 6.cxd5 exd5 7.e3 Qa5 8.Nd2 Bd6
9.Bd3 O-O 10.a3 Re8 11.Qc2 Qc7 12.Rc1 Qb8 13.Bh4 b6 14.Nf3 Bb7 15.O-O h6
16.Rfd1 a6 17.Bf5 Ra7 18.e4 dxe4 19.Nxe4 Be7 20.Nxf6+ Nxf6 21.Ne5 Rd8 22.Qb3 Rd5
23.Bxf6 Bxf6 24.Nd7 Qd8 25.Nxf6+ gxf6 26.Be4 Rb5 27.Qg3+ Rg5 28.Qf3 Bc8 29.h3 Rd7
30.Bxc6 Rd6 31.d5 Kg7 32.Re1 Bd7 33.h4 Rg6 34.b4 f5 35.h5 Rg5 36.Qc3+ Kh7
37.Qe5 Bxc6 38.dxc6 Re6 39.c7 Qa8 40.Qh2 Qc6 41.Rf1  1-0

[Event "22nd TCh-SLO 2012"]
[Site "Slovenia SLO"]
[Date "2012.12.07"]
[Round "7"]
[White "Beliavsky,A"]
[Black "Zorko,Ju"]
[Result "1-0"]
[WhiteElo "2630"]
[BlackElo "2476"]

1.d4 Nf6 2.c4 e6 3.Nf3 Bb4+ 4.Bd2 Bxd2+ 5.Nbxd2 d5 6.g3 c6 7.Bg2 Nbd7 8.O-O b6
9.Qc2 Ba6 10.Rfe1 O-O 11.e4 Rc8 12.Rad1 Qc7 13.e5 Ne8 14.b4 Bxc4 15.Nxc4 dxc4
16.Ng5 g6 17.Qxc4 b5 18.Qc1 Nb6 19.Ne4 Kg7 20.Nc5 Qd8 21.h4 h5 22.Qa3 a5
23.bxa5 Nc4 24.Qc1 Nxa5 25.Qc3 Ra8 26.a4 Nc7 27.Ra1 Ra7 28.Qb4 Nc4 29.Bxc6 Qxd4
30.Nd7 Re8 31.Rad1 Qb2 32.Qc5 Rxa4 33.Nf6 Rf8 34.Qe7 Nxe5 35.Rxe5 Qxe5 36.Qxf8+ Kxf6
37.Rd7 Qa1+ 38.Kg2 Na6 39.Qh8+  1-0

[Event "22nd TCh-SLO 2012"]
[Site "Slovenia SLO"]
[Date "2012.12.08"]
[Round "8"]
[White "Beliavsky,A"]
[Black "Ruck,R1"]
[Result "1/2-1/2"]
[WhiteElo "2630"]
[BlackElo "2568"]

1.Nf3 Nf6 2.c4 c5 3.Nc3 Nc6 4.e3 e6 5.d4 d5 6.a3 a6 7.Bd3 dxc4 8.Bxc4 b5
9.Ba2 Bb7 10.O-O Qc7 11.Qe2 Rd8 12.Rd1 Be7 13.dxc5 Rxd1+ 14.Nxd1 Ne5 15.Ne1 Bxc5
16.b4 Neg4 17.Nf3 Bxf3 18.Qxf3 Qxh2+ 19.Kf1 Bd6 20.Bb2 O-O 21.Qh3 Rc8 22.Qxh2 Nxh2+
23.Ke2 Nhg4 24.Bb3 Kf8 25.f3 Ne5 26.a4 Nc4 27.Bxf6 gxf6 28.axb5 axb5 29.Rb1 Na3
30.Rb2 Bxb4 31.Bxe6 fxe6 32.Rxb4 Rc2+ 33.Kd3 Rxg2 34.Nc3 Nc2 35.Rxb5 Ne1+
36.Ke4 Rc2 37.Rb3 Kf7 38.Nb5 f5+ 39.Kf4 Kf6 40.Nd6 e5+ 41.Kg3 Rg2+ 42.Kh3 Rf2
43.Rb6 Rxf3+ 44.Kh2 Ke6 45.e4 fxe4 46.Nxe4+ Kf5 47.Nd6+ Kg4 48.Rb7 Rh3+ 49.Kg1 Kg3
50.Rg7+ Kf4 51.Rf7+ Kg4 52.Rg7+ Kf3 53.Nf7 Kf4 54.Nxe5 h5 55.Kf2 Nc2 56.Ng6+ Kg5
57.Rg8 Nd4 58.Ne7+ Kf6 59.Nd5+ Kf7 60.Rg3 Rxg3  1/2-1/2

[Event "23rd ch-SLO 2013"]
[Site "Sentjur SLO"]
[Date "2013.04.07"]
[Round "2.1"]
[White "Titan,M"]
[Black "Beliavsky,A"]
[Result "0-1"]
[WhiteElo "2166"]
[BlackElo "2637"]

1.d4 Nf6 2.c4 e6 3.g3 d5 4.Nf3 dxc4 5.Bg2 a6 6.O-O Nc6 7.Nc3 Bb4 8.Qc2 O-O
9.Rd1 Rb8 10.Bg5 Be7 11.Bxf6 Bxf6 12.Ne4 b5 13.Nxf6+ Qxf6 14.b3 Nb4 15.Qd2 c5
16.Rac1 Rd8 17.bxc4 Bb7 18.cxb5 Bxf3 19.Bxf3 Rxd4 20.Qe3 axb5 21.Rxd4 Qxd4
22.Qxd4 cxd4 23.a3 Na2 24.Rc7 g6 25.Rd7 b4 26.axb4 Rxb4 27.h4 h5 28.Kf1 Nc3
29.Ke1 Kf8 30.Kd2 e5 31.Bd5 Ke8 32.Bc6 Rb6 33.Rc7+ Kd8 34.Rd7+ Kc8  0-1

[Event "23rd ch-SLO 2013"]
[Site "Sentjur SLO"]
[Date "2013.04.08"]
[Round "3.1"]
[White "Beliavsky,A"]
[Black "Mazi,L"]
[Result "0-1"]
[WhiteElo "2637"]
[BlackElo "2355"]

1.d4 f5 2.g3 Nf6 3.Bg2 g6 4.h4 d6 5.Nc3 c6 6.e4 Qb6 7.h5 Rg8 8.hxg6 hxg6
9.Nge2 Na6 10.a3 Bd7 11.b4 O-O-O 12.Be3 Ng4 13.Bg5 Nc7 14.f3 Ne6 15.Bd2 Nf6
16.d5 Nc7 17.Bg5 fxe4 18.fxe4 Ng4 19.Qd4 Qa6 20.Qd3 Qb6 21.Rf1 Bg7 22.Na4 Qb5
23.Qxb5 Nxb5 24.Ra2 Rde8 25.c4 Nd4 26.Nac3 Nxe2 27.Nxe2 Ne5 28.Rc2 Rh8 29.Be3 Kb8
30.Nf4 cxd5 31.exd5 Bf5 32.Rc3 Nf3+ 33.Rxf3 Bxc3+ 34.Kf1 Be5 35.Kg1 Ref8
36.Rf2 g5 37.Ne2 Bd3 38.Bxg5 Bxc4 39.Rxf8+ Rxf8 40.Nf4 Rg8  0-1

[Event "23rd ch-SLO 2013"]
[Site "Sentjur SLO"]
[Date "2013.04.10"]
[Round "5.3"]
[White "Rusjan,M"]
[Black "Beliavsky,A"]
[Result "0-1"]
[WhiteElo "2212"]
[BlackElo "2637"]

1.d4 f5 2.Nf3 Nf6 3.g3 g6 4.Bg2 Bg7 5.O-O O-O 6.c4 d6 7.Nc3 Qe8 8.d5 Na6
9.Qc2 c6 10.Rd1 Bd7 11.Be3 Ng4 12.Bd4 Bh6 13.h3 c5 14.hxg4 fxg4 15.Nh2 cxd4
16.Rxd4 Bg7 17.Rdd1 Qf7 18.e3 Rac8 19.Qe2 Be5 20.Rac1 h5 21.Rf1 Qg7 22.Ne4 b6
23.b3 Bf5 24.a3 Nc5 25.Nxc5 bxc5 26.b4 Bb2 27.Rcd1 a6 28.bxc5 Rxc5 29.e4 Bd7
30.Rd2 Bc3 31.Rc2 Rfc8 32.Rfc1 Rxc4  0-1

[Event "23rd ch-SLO 2013"]
[Site "Sentjur SLO"]
[Date "2013.04.11"]
[Round "6.2"]
[White "Beliavsky,A"]
[Black "Jelen,Ig"]
[Result "1-0"]
[WhiteElo "2637"]
[BlackElo "2376"]

1.c4 e6 2.Nc3 d5 3.d4 c5 4.cxd5 exd5 5.Nf3 Nc6 6.g3 Nf6 7.Bg2 Be7 8.O-O O-O
9.Bg5 c4 10.Ne5 Be6 11.e3 h6 12.Bxf6 Bxf6 13.Nxc6 bxc6 14.Qc2 Rb8 15.Rfd1 Qa5
16.Qa4 Qxa4 17.Nxa4 Rb4 18.b3 Be7 19.Rdc1 Rfb8 20.Bf3 Bf5 21.g4 Bg6 22.Nc3 cxb3
23.axb3 Rxb3 24.Ne2 Rb1 25.Rxa7 Rxc1+ 26.Nxc1 Bh4 27.Ne2 Bd3 28.Ng3 Rb2 29.Ra3 Bb5
30.Kg2 g6 31.Bd1 Be7 32.Ra8+ Bf8 33.h4 Kg7 34.h5 Bb4 35.Kf3 c5 36.Be2 c4
37.hxg6 fxg6 38.Rb8 Bd6 39.Rb7+ Kf6 40.Rb6 Ke7 41.e4 Rb3+ 42.Kg2 Bxg3 43.fxg3 dxe4
44.Kf2 Kd7 45.d5 Ba4 46.Ra6 Rb4 47.Ke3 Bc2 48.g5 hxg5 49.Bg4+ Kc7 50.Kd4 Ba4
51.Kc5 Kb7 52.Kxb4  1-0

[Event "23rd ch-SLO 2013"]
[Site "Sentjur SLO"]
[Date "2013.04.12"]
[Round "7.1"]
[White "Lenic,L"]
[Black "Beliavsky,A"]
[Result "1-0"]
[WhiteElo "2617"]
[BlackElo "2637"]

1.d4 Nf6 2.c4 e6 3.Nc3 Bb4 4.e3 O-O 5.Bd3 c5 6.Nf3 d5 7.O-O dxc4 8.Bxc4 Nbd7
9.a3 cxd4 10.axb4 dxc3 11.bxc3 b6 12.Be2 Bb7 13.c4 Qc7 14.Nd4 Rfd8 15.Qb3 Qe5
16.Bb2 Qg5 17.Nf3 Qg6 18.Rfd1 Ne4 19.Qa4 Nef6 20.Rd4 e5 21.Rd6 Nf8 22.Rxd8 Rxd8
23.Rd1 Rxd1+ 24.Qxd1 N6d7 25.b5 Qe6 26.Qa4 Qd6 27.Qa1 Bxf3 28.Bxf3 Qd3 29.Bd5 Nf6
30.Bc6 N6d7 31.h3 Qxc4 32.Qxa7 Qd3 33.Ba3 h5 34.Qa8 Nc5 35.Bxc5 bxc5 36.Kh2 e4
37.Qb8 c4 38.b6 c3 39.b7 c2 40.Qxf8+ Kxf8 41.b8=Q+ Ke7 42.Qc7+  1-0